[Event "Khanty-Mansiysk ol (Women) 39th"]
[Site "Khanty-Mansiysk"]
[Date "2010.09.23"]
[Round "3.1"]
[White "Vovk, Oksana"]
[Black "Adames Rojas, Ariella"]
[Result "1-0"]
[WhiteElo "2157"]
[BlackElo "1899"]
[PlyCount "79"]
[EventDate "2010.09.21"]
[EventType "team-swiss"]
[EventRounds "11"]
[EventCountry "RUS"]
[SourceTitle "CBM 139"]
[Source "ChessBase"]
[SourceDate "2010.11.18"]
[SourceVersion "1"]
[SourceVersionDate "2010.11.18"]
[SourceQuality "1"]
[WhiteTeam "Danmark "]
[BlackTeam "Dominikanske Republik"]
[WhiteTeamCountry "DEN"]
[BlackTeamCountry "DOM"]

1. d4 Nf6 2. c4 e6 3. Nf3 b6 4. a3 Bb7 5. Nc3 d5 6. cxd5 exd5 7. Bf4 a6 8. e3
Be7 9. Bd3 Nbd7 10. h3 O-O 11. O-O Re8 12. b4 c5 13. bxc5 bxc5 14. Qa4 c4 15.
Be2 Qc8 16. Rfb1 Bc6 17. Qc2 Bd8 18. Ne5 Nxe5 19. Bxe5 Nd7 20. Bf4 Bc7 21. Bxc7
Qxc7 22. Bf3 Nf6 23. Qf5 Qa5 24. Rb4 Rab8 25. Rab1 Rxb4 26. axb4 Qd8 27. Ra1
Bb7 28. Na4 Ne4 29. Bxe4 dxe4 30. Qc5 Qc8 31. Nb6 Qxc5 32. bxc5 Bc6 33. Nxc4
Bb5 34. Nd6 Rb8 35. Rb1 Kf8 36. c6 Ke7 37. c7 Ra8 38. c8=Q Rxc8 39. Nxc8+ Kd7
40. Na7 1-0

[Event "Khanty-Mansiysk ol (Women) 39th"]
[Site "Khanty-Mansiysk"]
[Date "2010.09.23"]
[Round "3.2"]
[White "Perez Luecke, Eneida"]
[Black "Jorgensen, Carina Eilegaard"]
[Result "1-0"]
[WhiteElo "2099"]
[BlackElo "2025"]
[PlyCount "75"]
[EventDate "2010.09.21"]
[EventType "team-swiss"]
[EventRounds "11"]
[EventCountry "RUS"]
[SourceTitle "CBM 139"]
[Source "ChessBase"]
[SourceDate "2010.11.18"]
[SourceVersion "1"]
[SourceVersionDate "2010.11.18"]
[SourceQuality "1"]
[WhiteTeam "Dominikanske Republik"]
[BlackTeam "Danmark "]
[WhiteTeamCountry "DOM"]
[BlackTeamCountry "DEN"]

1. d4 Nf6 2. e3 g6 3. Nf3 Bg7 4. Be2 O-O 5. O-O d6 6. c4 Nbd7 7. Nc3 Re8 8. b4
c5 9. bxc5 dxc5 10. Bb2 cxd4 11. exd4 b6 12. Qb3 Bb7 13. Rad1 a6 14. Ne5 e6 15.
Na4 Qc7 16. f4 Rab8 17. Nc3 Red8 18. a4 Ne8 19. Ba3 Nd6 20. Bxd6 Qxd6 21. Bf3
Bxf3 22. Rxf3 Nf6 23. Qc2 Qc7 24. Ne2 b5 25. axb5 axb5 26. c5 Nd5 27. Rb1 Rdc8
28. g3 f6 29. Nd3 e5 30. fxe5 fxe5 31. dxe5 Bxe5 32. Qb3 Rd8 33. Nef4 Bxf4 34.
Rxf4 Kh8 35. Rf2 Ne3 36. Rf7 Qc6 37. Qb2+ Kg8 38. Qg7# 1-0

[Event "Khanty-Mansiysk ol (Women) 39th"]
[Site "Khanty-Mansiysk"]
[Date "2010.09.23"]
[Round "3.3"]
[White "Frank Nielsen, Marie"]
[Black "Jose Polanco, Kenia"]
[Result "1/2-1/2"]
[WhiteElo "2036"]
[BlackElo "1997"]
[PlyCount "99"]
[EventDate "2010.09.21"]
[EventType "team-swiss"]
[EventRounds "11"]
[EventCountry "RUS"]
[SourceTitle "CBM 139"]
[Source "ChessBase"]
[SourceDate "2010.11.18"]
[SourceVersion "1"]
[SourceVersionDate "2010.11.18"]
[SourceQuality "1"]
[WhiteTeam "Danmark "]
[BlackTeam "Dominikanske Republik"]
[WhiteTeamCountry "DEN"]
[BlackTeamCountry "DOM"]

1. e4 e6 2. d4 d5 3. Nc3 dxe4 4. Nxe4 Nd7 5. Nf3 Ngf6 6. Nxf6+ Nxf6 7. Bd3 c5
8. dxc5 Bxc5 9. O-O Qb6 10. Qe2 O-O 11. Ne5 Qc7 12. Kh1 b6 13. c3 Bb7 14. Bg5
Be7 15. f4 g6 16. Rae1 Nh5 17. Bh6 Bh4 18. Bxf8 Bxe1 19. Qxe1 Rxf8 20. Qe3 Qc8
21. Ng4 Qc6 22. Qe2 Rd8 23. Bb5 Qd5 24. Ne3 Qe4 25. Ng4 Qxe2 26. Bxe2 Rd2 27.
Bf3 Bxf3 28. gxf3 Nxf4 29. Ne5 Rxb2 30. Rd1 Rxa2 31. Rd8+ Kg7 32. h4 Kf6 33.
Ng4+ Ke7 34. Rc8 Kd7 35. Rf8 Ke7 36. Rc8 Ra5 37. Rc7+ Kf8 38. Nh6 f5 39. Rf7+
Ke8 40. Rxh7 Nd5 41. c4 Ne7 42. Nf7 f4 43. Nd6+ Kd7 44. Ne4 Ra4 45. Nf6+ Kd8
46. Rh8+ Kc7 47. Rh7 Kd6 48. Ne4+ Kd7 49. Nf6+ Kd8 50. Rh8+ 1/2-1/2

[Event "Khanty-Mansiysk ol (Women) 39th"]
[Site "Khanty-Mansiysk"]
[Date "2010.09.23"]
[Round "3.4"]
[White "Hazim Gonzalez, Elizabeth"]
[Black "Treppendahl, Trine"]
[Result "0-1"]
[WhiteElo "1858"]
[BlackElo "2009"]
[PlyCount "126"]
[EventDate "2010.09.21"]
[EventType "team-swiss"]
[EventRounds "11"]
[EventCountry "RUS"]
[SourceTitle "CBM 139"]
[Source "ChessBase"]
[SourceDate "2010.11.18"]
[SourceVersion "1"]
[SourceVersionDate "2010.11.18"]
[SourceQuality "1"]
[WhiteTeam "Dominikanske Republik"]
[BlackTeam "Danmark "]
[WhiteTeamCountry "DOM"]
[BlackTeamCountry "DEN"]

1. e4 c6 2. d4 d5 3. Nd2 dxe4 4. Nxe4 Nf6 5. Nxf6+ gxf6 6. Bf4 Bf5 7. Nf3 e6 8.
Bd3 Bxd3 9. Qxd3 Qa5+ 10. Bd2 Qc7 11. O-O-O Nd7 12. c4 a5 13. Kb1 h5 14. Rhe1
Bb4 15. d5 e5 16. Qf5 Bxd2 17. Nxd2 c5 18. f4 O-O-O 19. fxe5 fxe5 20. Qxf7 Rdf8
21. Qg6 Rfg8 22. Qe4 Rg4 23. Qe2 Qb6 24. Ne4 Qg6 25. Ka1 Rxg2 26. Qe3 Qb6 27.
Rd2 Rhg8 28. Rxg2 Rxg2 29. Re2 Qg6 30. a3 Rxe2 31. Qxe2 b6 32. Nc3 Qg5 33. Nb5
Nf6 34. Nd6+ Kd7 35. Nf7 Qg1+ 36. Ka2 e4 37. Ne5+ Kd6 38. Nf7+ Ke7 39. Ne5 e3
40. Nd3 Qg5 41. Ne1 Ng4 42. Nc2 Qe5 43. h3 Nf2 44. Nxe3 Nxh3 45. Nf5+ Kf6 46.
Qxe5+ Kxe5 47. Nh4 Ng5 48. Kb1 Ne4 49. Kc2 Kf4 50. Kd3 Nd6 51. a4 Kg3 52. Ng6
h4 53. Nxh4 Kxh4 54. b3 Kg4 55. Ke3 Kg3 56. Ke2 Kf4 57. Kd2 Ke4 58. Ke2 Kd4 59.
Kd2 Ne4+ 60. Kc2 Ke3 61. Kc1 Kd3 62. Kb1 Kc3 63. Ka2 Kc2 0-1

[Event "Khanty-Mansiysk ol (Women) 39th"]
[Site "Khanty-Mansiysk"]
[Date "2010.09.24"]
[Round "4.3"]
[White "Treppendahl, Trine"]
[Black "Kaya, Emel"]
[Result "0-1"]
[WhiteElo "2009"]
[BlackElo "2070"]
[PlyCount "86"]
[EventDate "2010.09.21"]
[EventType "team-swiss"]
[EventRounds "11"]
[EventCountry "RUS"]
[SourceTitle "CBM 139"]
[Source "ChessBase"]
[SourceDate "2010.11.18"]
[SourceVersion "1"]
[SourceVersionDate "2010.11.18"]
[SourceQuality "1"]
[WhiteTeam "Danmark "]
[BlackTeam "Tyrkiet"]
[WhiteTeamCountry "DEN"]
[BlackTeamCountry "TUR"]

1. d4 Nf6 2. Nf3 g6 3. Bf4 Bg7 4. e3 O-O 5. Be2 d6 6. h3 Nfd7 7. c4 e5 8. Bh2
Nc6 9. Nc3 f5 10. dxe5 dxe5 11. Nd5 Nb6 12. Rb1 Be6 13. Nxb6 cxb6 14. Qxd8
Raxd8 15. Ng5 Bc8 16. c5 Bf6 17. Bc4+ Kg7 18. Nf7 Rxf7 19. Bxf7 Kxf7 20. cxb6
axb6 21. O-O Be6 22. Rfd1 Bxa2 23. Rxd8 Bxd8 24. Rd1 Ke6 25. Bg3 Be7 26. f3 Na5
27. Ra1 Bd5 28. Rc1 Bc5 29. Bf2 e4 30. fxe4 fxe4 31. g4 Nc4 32. b3 Nd2 33. b4
Bxb4 34. Rc8 Nf3+ 35. Kg2 Be7 36. Rh8 b5 37. Rxh7 b4 38. h4 b3 39. h5 gxh5 40.
gxh5 b2 41. h6 b1=Q 42. Rxe7+ Kxe7 43. h7 Qb2 0-1

[Event "Khanty-Mansiysk ol (Women) 39th"]
[Site "Khanty-Mansiysk"]
[Date "2010.09.24"]
[Round "4.4"]
[White "Sop, Selen"]
[Black "Stolberg Rohr, Thomine"]
[Result "1/2-1/2"]
[WhiteElo "2021"]
[BlackElo "1967"]
[PlyCount "70"]
[EventDate "2010.09.21"]
[EventType "team-swiss"]
[EventRounds "11"]
[EventCountry "RUS"]
[SourceTitle "CBM 139"]
[Source "ChessBase"]
[SourceDate "2010.11.18"]
[SourceVersion "1"]
[SourceVersionDate "2010.11.18"]
[SourceQuality "1"]
[WhiteTeam "Tyrkiet"]
[BlackTeam "Danmark "]
[WhiteTeamCountry "TUR"]
[BlackTeamCountry "DEN"]

1. e4 g6 2. d4 Bg7 3. Nc3 d6 4. g3 Nc6 5. Be3 e5 6. d5 Nce7 7. Bg2 f5 8. Qd2
Nf6 9. f3 O-O 10. O-O-O a6 11. Nh3 fxe4 12. fxe4 Ng4 13. Ng5 Nxe3 14. Qxe3 Bh6
15. h4 Bg4 16. Rdf1 Qd7 17. Nd1 Rxf1 18. Rxf1 c6 19. Nf2 Rf8 20. Nxg4 Rxf1+ 21.
Bxf1 Qxg4 22. dxc6 Bxg5 23. hxg5 bxc6 24. Bxa6 Kg7 25. b3 Qe6 26. a4 d5 27. Bd3
Nc8 28. a5 Qe7 29. Kb2 d4 30. Qd2 Na7 31. a6 Qc5 32. Bc4 Nc8 33. Qf2 Qe7 34.
Qd2 Qc5 35. Qf2 Qe7 1/2-1/2

[Event "Khanty-Mansiysk ol (Women) 39th"]
[Site "Khanty-Mansiysk"]
[Date "2010.09.25"]
[Round "5.1"]
[White "Ortiz Aguirre, Nadya Karolina"]
[Black "Vovk, Oksana"]
[Result "1/2-1/2"]
[WhiteElo "2212"]
[BlackElo "2157"]
[PlyCount "76"]
[EventDate "2010.09.21"]
[EventType "team-swiss"]
[EventRounds "11"]
[EventCountry "RUS"]
[SourceTitle "CBM 139"]
[Source "ChessBase"]
[SourceDate "2010.11.18"]
[SourceVersion "1"]
[SourceVersionDate "2010.11.18"]
[SourceQuality "1"]
[WhiteTeam "Columbia "]
[BlackTeam "Danmark "]
[WhiteTeamCountry "COL"]
[BlackTeamCountry "DEN"]

1. e4 e6 2. d4 d5 3. exd5 exd5 4. Nf3 Bd6 5. c4 Nf6 6. Nc3 c6 7. Be2 O-O 8. O-O
dxc4 9. Bxc4 Bg4 10. h3 Bh5 11. g4 Bg6 12. Ne5 b5 13. Be2 b4 14. Na4 Nd5 15.
Bf3 Qc7 16. Re1 Nd7 17. Nd3 Rfe8 18. Nac5 Nxc5 19. Nxc5 Qb6 20. Ne4 Bf4 21. Bg2
Rad8 22. Nc5 Bxc1 23. Rxc1 Nf4 24. Qf3 Nxg2 25. Kxg2 h6 26. Qf4 Rxe1 27. Rxe1
Qa5 28. Qd2 Qxa2 29. Qxb4 Qd5+ 30. Kg3 Qxd4 31. Qxd4 Rxd4 32. Re8+ Kh7 33. Ra8
Be4 34. Nxe4 Rxe4 35. Rxa7 Kg6 36. Ra6 Rc4 37. Rb6 Kf6 38. b4 Ke5 1/2-1/2

[Event "Khanty-Mansiysk ol (Women) 39th"]
[Site "Khanty-Mansiysk"]
[Date "2010.09.25"]
[Round "5.2"]
[White "Jorgensen, Carina Eilegaard"]
[Black "Chirivi Castiblanco, Jenny Astrid"]
[Result "0-1"]
[WhiteElo "2025"]
[BlackElo "2227"]
[PlyCount "46"]
[EventDate "2010.09.21"]
[EventType "team-swiss"]
[EventRounds "11"]
[EventCountry "RUS"]
[SourceTitle "CBM 139"]
[Source "ChessBase"]
[SourceDate "2010.11.18"]
[SourceVersion "1"]
[SourceVersionDate "2010.11.18"]
[SourceQuality "1"]
[WhiteTeam "Danmark "]
[BlackTeam "Columbia "]
[WhiteTeamCountry "DEN"]
[BlackTeamCountry "COL"]

1. d4 d5 2. c4 c6 3. cxd5 cxd5 4. Nc3 Nf6 5. Bf4 Nc6 6. e3 Bf5 7. Nf3 e6 8. a3
Bd6 9. Bxd6 Qxd6 10. Be2 h6 11. O-O O-O 12. Rc1 Rac8 13. b4 a5 14. b5 Nb8 15.
Qb3 Nbd7 16. Kh1 Rc7 17. Qb2 Rfc8 18. Nd2 Nb6 19. f3 Kh7 20. Rfd1 Rxc3 21. Rxc3
Na4 22. Qb3 Rxc3 23. Qxa4 Rxa3 0-1

[Event "Khanty-Mansiysk ol (Women) 39th"]
[Site "Khanty-Mansiysk"]
[Date "2010.09.25"]
[Round "5.3"]
[White "Franco Valencia, Angela Maria"]
[Black "Frank Nielsen, Marie"]
[Result "1-0"]
[WhiteElo "2148"]
[BlackElo "2036"]
[PlyCount "45"]
[EventDate "2010.09.21"]
[EventType "team-swiss"]
[EventRounds "11"]
[EventCountry "RUS"]
[SourceTitle "CBM 139"]
[Source "ChessBase"]
[SourceDate "2010.11.18"]
[SourceVersion "1"]
[SourceVersionDate "2010.11.18"]
[SourceQuality "1"]
[WhiteTeam "Columbia "]
[BlackTeam "Danmark "]
[WhiteTeamCountry "COL"]
[BlackTeamCountry "DEN"]

1. e4 c5 2. Nf3 e6 3. d4 cxd4 4. Nxd4 a6 5. Nc3 Qc7 6. Be2 Bd6 7. h3 Nf6 8. O-O
Bb4 9. Qd3 Nc6 10. Nxc6 bxc6 11. f4 a5 12. Qg3 Bf8 13. e5 Nd5 14. Ne4 Bb7 15.
c4 Nb4 16. c5 O-O-O 17. Nd6+ Kb8 18. Qb3 Ka8 19. Bd2 Na6 20. Qa3 Bxd6 21. exd6
Qc8 22. Qxa5 Rdg8 23. Rf3 1-0

[Event "Khanty-Mansiysk ol (Women) 39th"]
[Site "Khanty-Mansiysk"]
[Date "2010.09.25"]
[Round "5.4"]
[White "Stolberg Rohr, Thomine"]
[Black "Orozco Lopez, Lina Yomayra"]
[Result "0-1"]
[WhiteElo "1967"]
[BlackElo "2154"]
[PlyCount "62"]
[EventDate "2010.09.21"]
[EventType "team-swiss"]
[EventRounds "11"]
[EventCountry "RUS"]
[SourceTitle "CBM 139"]
[Source "ChessBase"]
[SourceDate "2010.11.18"]
[SourceVersion "1"]
[SourceVersionDate "2010.11.18"]
[SourceQuality "1"]
[WhiteTeam "Danmark "]
[BlackTeam "Columbia "]
[WhiteTeamCountry "DEN"]
[BlackTeamCountry "COL"]

1. d4 Nf6 2. Nc3 e6 3. e4 d6 4. Nf3 Be7 5. Bd3 a6 6. a4 c5 7. d5 exd5 8. exd5
b6 9. O-O Nbd7 10. Re1 O-O 11. h3 Re8 12. Bf4 Bb7 13. Bf1 Qc7 14. Ng5 Bf8 15.
Nge4 c4 16. Qd4 Nxe4 17. Nxe4 Rac8 18. Re3 Ne5 19. Rg3 Ng6 20. Re1 f5 21. Ng5
Rxe1 22. Bd2 Re5 23. Ne6 Rxe6 24. dxe6 Qc5 25. Qc3 Qe5 26. Qb4 Qxe6 27. Qxb6
Qf7 28. Bc3 d5 29. Be2 Bc5 30. Qa5 Qc7 31. Rg5 Qxa5 0-1

[Event "Khanty-Mansiysk ol (Women) 39th"]
[Site "Khanty-Mansiysk"]
[Date "2010.09.27"]
[Round "6.1"]
[White "Vovk, Oksana"]
[Black "Nakagawa, Emiko"]
[Result "1-0"]
[WhiteElo "2157"]
[BlackElo "1806"]
[PlyCount "47"]
[EventDate "2010.09.21"]
[EventType "team-swiss"]
[EventRounds "11"]
[EventCountry "RUS"]
[SourceTitle "CBM 139"]
[Source "ChessBase"]
[SourceDate "2010.11.18"]
[SourceVersion "1"]
[SourceVersionDate "2010.11.18"]
[SourceQuality "1"]
[WhiteTeam "Danmark "]
[BlackTeam "Japan "]
[WhiteTeamCountry "DEN"]
[BlackTeamCountry "JPN"]

1. d4 d5 2. c4 c6 3. Nf3 Nf6 4. e3 e6 5. b3 Nbd7 6. Bb2 Bd6 7. Bd3 Qe7 8. Nbd2
O-O 9. Ne5 c5 10. O-O cxd4 11. exd4 b6 12. f4 Bb7 13. Qe2 Rac8 14. Ndf3 Ne4 15.
Bxe4 dxe4 16. Ng5 Nf6 17. Rac1 h6 18. Nh3 Bb4 19. f5 Rc7 20. fxe6 Qxe6 21. d5
Qc8 22. Rxf6 gxf6 23. Ng4 Qf5 24. Nxh6+ 1-0

[Event "Khanty-Mansiysk ol (Women) 39th"]
[Site "Khanty-Mansiysk"]
[Date "2010.09.27"]
[Round "6.3"]
[White "Frank Nielsen, Marie"]
[Black "Wakabayashi, Hisako"]
[Result "1-0"]
[WhiteElo "2036"]
[BlackElo "1493"]
[PlyCount "39"]
[EventDate "2010.09.21"]
[EventType "team-swiss"]
[EventRounds "11"]
[EventCountry "RUS"]
[SourceTitle "CBM 139"]
[Source "ChessBase"]
[SourceDate "2010.11.18"]
[SourceVersion "1"]
[SourceVersionDate "2010.11.18"]
[SourceQuality "1"]
[WhiteTeam "Danmark "]
[BlackTeam "Japan "]
[WhiteTeamCountry "DEN"]
[BlackTeamCountry "JPN"]

1. e4 d6 2. d4 g6 3. Nf3 Bg4 4. Bc4 Bg7 5. Bxf7+ Kd7 6. Ne5+ Bxe5 7. Qxg4+ Kc6
8. dxe5 Kb6 9. O-O Nh6 10. Bxh6 Nd7 11. Be3+ c5 12. Na3 Nxe5 13. Nc4+ Nxc4 14.
Bxc4 e5 15. b4 Rc8 16. Rab1 a6 17. bxc5+ Kc7 18. c6 Qe8 19. Rxb7+ Kd8 20. Rd7+
1-0

[Event "Khanty-Mansiysk ol (Women) 39th"]
[Site "Khanty-Mansiysk"]
[Date "2010.09.28"]
[Round "7.1"]
[White "Lujan, Carolina"]
[Black "Vovk, Oksana"]
[Result "1-0"]
[WhiteElo "2312"]
[BlackElo "2157"]
[PlyCount "101"]
[EventDate "2010.09.21"]
[EventType "team-swiss"]
[EventRounds "11"]
[EventCountry "RUS"]
[SourceTitle "CBM 139"]
[Source "ChessBase"]
[SourceDate "2010.11.18"]
[SourceVersion "1"]
[SourceVersionDate "2010.11.18"]
[SourceQuality "1"]
[WhiteTeam "Argentina "]
[BlackTeam "Danmark "]
[WhiteTeamCountry "ARG"]
[BlackTeamCountry "DEN"]

1. e4 e6 2. d4 d5 3. Nc3 dxe4 4. Nxe4 Nd7 5. Nf3 Ngf6 6. Nxf6+ Nxf6 7. c3 c5 8.
Ne5 a6 9. Qa4+ Nd7 10. Be3 f6 11. Nf3 Kf7 12. Rd1 Qc7 13. Qc2 Nb6 14. Bd3 cxd4
15. Bxd4 g6 16. h4 Rg8 17. h5 Nd5 18. hxg6+ hxg6 19. Rh7+ Rg7 20. Rxg7+ Bxg7
21. Bxg6+ Kg8 22. Bh7+ Kf8 23. c4 Ne7 24. Bd3 e5 25. Bc3 Be6 26. Nh4 a5 27. Qe2
Rd8 28. f4 Qc5 29. Nf3 Nc6 30. fxe5 fxe5 31. Ng5 Bg8 32. Ne4 Qe7 33. Qf2+ Qf7
34. Qxf7+ Bxf7 35. Be2 Rxd1+ 36. Kxd1 b6 37. b3 Ke7 38. Bd2 Kd7 39. Be3 Nd4 40.
Bxd4 exd4 41. Bd3 Bh5+ 42. Kc2 Be5 43. Nf2 Ke7 44. Bf5 Be8 45. Ng4 Bg7 46. Kd3
Kd6 47. Nh2 Kc5 48. Nf3 Bf7 49. Ng5 Bg8 50. Be6 Bh6 51. Ne4+ 1-0

[Event "Khanty-Mansiysk ol (Women) 39th"]
[Site "Khanty-Mansiysk"]
[Date "2010.09.28"]
[Round "7.2"]
[White "Frank Nielsen, Marie"]
[Black "Plazaola, Maria de los Angele"]
[Result "0-1"]
[WhiteElo "2036"]
[BlackElo "2203"]
[PlyCount "52"]
[EventDate "2010.09.21"]
[EventType "team-swiss"]
[EventRounds "11"]
[EventCountry "RUS"]
[SourceTitle "CBM 139"]
[Source "ChessBase"]
[SourceDate "2010.11.18"]
[SourceVersion "1"]
[SourceVersionDate "2010.11.18"]
[SourceQuality "1"]
[WhiteTeam "Danmark "]
[BlackTeam "Argentina "]
[WhiteTeamCountry "DEN"]
[BlackTeamCountry "ARG"]

1. e4 c5 2. c3 d5 3. exd5 Qxd5 4. d4 Nc6 5. Nf3 e6 6. Be2 cxd4 7. cxd4 Nf6 8.
Nc3 Qd6 9. O-O Be7 10. h3 O-O 11. a3 b6 12. Be3 Bb7 13. b4 Rac8 14. Qb3 Bd8 15.
Rac1 a6 16. Rfd1 Ne7 17. Ne5 Ned5 18. Nxd5 Nxd5 19. Nc4 Qe7 20. Ne5 Bc7 21. Nc4
Qf6 22. Ne5 Qe7 23. Nc4 Nf4 24. Bxf4 Bxf4 25. Rc3 b5 26. Nd2 Bxd2 0-1

[Event "Khanty-Mansiysk ol (Women) 39th"]
[Site "Khanty-Mansiysk"]
[Date "2010.09.28"]
[Round "7.3"]
[White "Zuriel, Marisa"]
[Black "Treppendahl, Trine"]
[Result "1-0"]
[WhiteElo "2193"]
[BlackElo "2009"]
[PlyCount "129"]
[EventDate "2010.09.21"]
[EventType "team-swiss"]
[EventRounds "11"]
[EventCountry "RUS"]
[SourceTitle "CBM 139"]
[Source "ChessBase"]
[SourceDate "2010.11.18"]
[SourceVersion "1"]
[SourceVersionDate "2010.11.18"]
[SourceQuality "1"]
[WhiteTeam "Argentina "]
[BlackTeam "Danmark "]
[WhiteTeamCountry "ARG"]
[BlackTeamCountry "DEN"]

1. e4 c6 2. d4 d5 3. e5 c5 4. dxc5 Nc6 5. f4 e6 6. Be3 d4 7. Bf2 Bxc5 8. Nd2
Nge7 9. a3 Nf5 10. Ne4 Be7 11. Qd2 O-O 12. Nf3 a6 13. Bd3 b5 14. O-O b4 15. g4
Nh6 16. h3 Kh8 17. Kh2 bxa3 18. bxa3 Rb8 19. Ng3 Bh4 20. Nxh4 Qxh4 21. Qe2 g6
22. Ne4 Qd8 23. Qe1 Qa5 24. Qxa5 Nxa5 25. Bxd4 Bb7 26. Nd6 Nc6 27. Bc3 Ng8 28.
Rab1 Ba8 29. Bxa6 Nge7 30. Rxb8 Nxb8 31. Bd3 Nd5 32. Bd2 Nc6 33. c4 Nc7 34. Bc3
Na6 35. f5 Nc5 36. Bc2 Kg7 37. h4 Nd7 38. Re1 Nc5 39. h5 g5 40. h6+ Kg8 41. Kg3
Rb8 42. f6 Bb7 43. Rb1 Ba8 44. Rxb8+ Nxb8 45. Bd4 Ncd7 46. Ba4 Nc6 47. Bxc6
Bxc6 48. Nb5 Nb8 49. a4 Na6 50. a5 Be4 51. Nd6 Bc6 52. Be3 Nb4 53. Bxg5 Nd3 54.
Bf4 Nb4 55. g5 Nd3 56. a6 Nb4 57. a7 Ba8 58. Nc8 Na6 59. Be3 Kf8 60. Nb6 Nc7
61. Bc5+ Ke8 62. Bd6 Kd8 63. Bxc7+ Kxc7 64. Nxa8+ Kb7 65. g6 1-0

[Event "Khanty-Mansiysk ol (Women) 39th"]
[Site "Khanty-Mansiysk"]
[Date "2010.09.28"]
[Round "7.4"]
[White "Stolberg Rohr, Thomine"]
[Black "Fernandez, Maria Florencia"]
[Result "0-1"]
[WhiteElo "1967"]
[BlackElo "2119"]
[PlyCount "82"]
[EventDate "2010.09.21"]
[EventType "team-swiss"]
[EventRounds "11"]
[EventCountry "RUS"]
[SourceTitle "CBM 139"]
[Source "ChessBase"]
[SourceDate "2010.11.18"]
[SourceVersion "1"]
[SourceVersionDate "2010.11.18"]
[SourceQuality "1"]
[WhiteTeam "Danmark "]
[BlackTeam "Argentina "]
[WhiteTeamCountry "DEN"]
[BlackTeamCountry "ARG"]

1. e4 c5 2. Nc3 Nc6 3. f4 e6 4. Nf3 d5 5. Bb5 d4 6. Bxc6+ bxc6 7. Ne2 d3 8.
cxd3 Qxd3 9. Nc3 Bd6 10. Qe2 Ba6 11. Qxd3 Bxd3 12. g3 c4 13. Kf2 h5 14. b3 Nf6
15. Re1 Bb4 16. Ne5 Ng4+ 17. Kg2 Nxe5 18. fxe5 h4 19. Bb2 O-O-O 20. Re3 Rh5 21.
Rc1 hxg3 22. hxg3 Rdh8 23. bxc4 Rh2+ 24. Kf3 Rxd2 25. Nd1 Bc5 26. Bc3 Bxe3 27.
Kxe3 Rc2 28. Rxc2 Bxc2 29. Nf2 Kd7 30. c5 Bb1 31. a3 Rb8 32. Bb4 a5 33. Bxa5
Rb3+ 34. Kf4 Rxa3 35. Bb6 f6 36. exf6 gxf6 37. Ng4 e5+ 38. Kf5 Rf3+ 39. Kg6
Rxg3 40. Kh5 Ke6 41. Bd8 Rh3+ 0-1

[Event "Khanty-Mansiysk ol (Women) 39th"]
[Site "Khanty-Mansiysk"]
[Date "2010.09.29"]
[Round "8.1"]
[White "Vovk, Oksana"]
[Black "Basnayake, IU."]
[Result "1-0"]
[WhiteElo "2157"]
[BlackElo "1746"]
[PlyCount "101"]
[EventDate "2010.09.21"]
[EventType "team-swiss"]
[EventRounds "11"]
[EventCountry "RUS"]
[SourceTitle "CBM 139"]
[Source "ChessBase"]
[SourceDate "2010.11.18"]
[SourceVersion "1"]
[SourceVersionDate "2010.11.18"]
[SourceQuality "1"]
[WhiteTeam "Danmark "]
[BlackTeam "Sri Lanka "]
[WhiteTeamCountry "DEN"]
[BlackTeamCountry "SRI"]

1. c4 f5 2. g3 e6 3. Bg2 Nf6 4. b3 c6 5. Nf3 d5 6. Bb2 Bd6 7. O-O O-O 8. d4 Qe7
9. Ne5 Nbd7 10. Nd2 Ne4 11. Nxe4 fxe4 12. Nxd7 Bxd7 13. f3 exf3 14. exf3 Qf6
15. Qd2 Qe7 16. Rae1 Bb4 17. Bc3 Bxc3 18. Qxc3 Qa3 19. Rf2 Rac8 20. Bh3 Rf6 21.
Rfe2 Qd6 22. c5 Qf8 23. f4 Re8 24. Qa5 a6 25. Qc7 Bc8 26. f5 Re7 27. Qb8 Re8
28. fxe6 Bxe6 29. Bxe6+ Rfxe6 30. Qxe8 Qxe8 31. Rxe6 Qh5 32. Re8+ Kf7 33. R8e7+
Kf8 34. Rxb7 Qg4 35. Rb4 a5 36. Ra4 h6 37. Kg2 Qg5 38. Rf1+ Kg8 39. Rf4 Qd8 40.
b4 axb4 41. Rxb4 Kh7 42. Rb7 Qa8 43. Rff7 Qxa2+ 44. Kh3 Qe2 45. Rxg7+ Kh8 46.
Rge7 Qf1+ 47. Kg4 Qd1+ 48. Kh4 Qxd4+ 49. Kh3 Qe5 50. Rxe5 d4 51. Re8# 1-0

[Event "Khanty-Mansiysk ol (Women) 39th"]
[Site "Khanty-Mansiysk"]
[Date "2010.09.29"]
[Round "8.2"]
[White "Senanayake, PR."]
[Black "Jorgensen, Carina Eilegaard"]
[Result "0-1"]
[WhiteElo "1858"]
[BlackElo "2025"]
[PlyCount "134"]
[EventDate "2010.09.21"]
[EventType "team-swiss"]
[EventRounds "11"]
[EventCountry "RUS"]
[SourceTitle "CBM 139"]
[Source "ChessBase"]
[SourceDate "2010.11.18"]
[SourceVersion "1"]
[SourceVersionDate "2010.11.18"]
[SourceQuality "1"]
[WhiteTeam "Sri Lanka "]
[BlackTeam "Danmark "]
[WhiteTeamCountry "SRI"]
[BlackTeamCountry "DEN"]

1. d4 d5 2. Nf3 c6 3. Bg5 h6 4. Bh4 Qb6 5. b3 Bf5 6. e3 Nd7 7. Bd3 Bxd3 8. Qxd3
e6 9. Bg3 Ngf6 10. Ne5 Be7 11. O-O O-O 12. Nd2 c5 13. c3 a5 14. a4 Rac8 15.
Rac1 Nxe5 16. Bxe5 Nd7 17. Bg3 f5 18. f4 Rc7 19. Rb1 Rfc8 20. c4 Qc6 21. Rfc1
b6 22. h3 Qb7 23. Bf2 cxd4 24. exd4 Nf6 25. Nf3 dxc4 26. bxc4 Qa6 27. Rb5 Bb4
28. Ne5 Ne4 29. d5 Nxf2 30. Kxf2 Bc5+ 31. Kf1 Rd8 32. Qf3 Qc8 33. Rd1 Rd6 34.
Rbb1 exd5 35. Rxd5 Qe6 36. Rbd1 Rc8 37. Qd3 Rcd8 38. Qf3 Kf8 39. Qd3 g5 40. g3
gxf4 41. gxf4 Rxd5 42. cxd5 Qf6 43. Qc3 Qg7 44. Qf3 Qg1+ 45. Ke2 Qh2+ 46. Kf1
Qa2 47. Ng6+ Kg7 48. Nh4 Qc4+ 49. Kg2 Kf6 50. Kh1 Qxa4 51. Re1 Re8 52. Qc3+ Bd4
53. Qd2 Rxe1+ 54. Qxe1 Qa1 55. Qxa1 Bxa1 56. Kg2 Bd4 57. Nf3 Bc5 58. Kf1 a4 59.
Ke2 a3 60. Nd2 a2 61. Nb3 Bd4 62. Kd3 a1=Q 63. Nxa1 Bxa1 64. Kc4 Ke7 65. h4 h5
66. Kb5 Kd6 67. Kc4 Bf6 0-1